Red Dwarf Characters by Quote - Statistics

General Stats
  • This quiz has been taken 277 times
  • The average score is 7 of 8
Answer Stats
Quote Character % Correct
Everybody's dead, Dave. Holly
100%
Smoke me a kipper, I'll be back for breakfast. Ace Rimmer
99%
You can't scare me, I'm a coward! I'm always scared! Arnold Rimmer
99%
Given that God is infinite, and that the Universe is also infinite: would you like a toasted teacake? Talkie Toaster
96%
No silicon heaven? Preposterous! Where would all the calculators go? Kryten
95%
Don't give me that Star Trek crap; it's too early in the morning. Dave Lister
92%
Red with apricot.... If I'd known I was going to get my leg crushed I'd've worn white! The Cat
91%
Unlike you guys, my greatest accomplishment isn't a line on a loo wall somewhere marking my highest-ever pee. Kristine Kochanski
76%
No matching quizzes found
Score Distribution
Percent of People with Each Score
Percentile by Number Answered
Your Score History
You have not taken this quiz